|
|
|
|
| LEADER |
00000nam0a2200000 4500 |
| 001 |
303796 |
| 005 |
20231102001635.0 |
| 035 |
|
|
|a (RuTPU)RU\TPU\book\329024
|
| 090 |
|
|
|a 303796
|
| 100 |
|
|
|a 20150904d1965 km y0rusy50 ca
|
| 101 |
0 |
|
|a rus
|
| 102 |
|
|
|a RU
|
| 105 |
|
|
|a a z 001zy
|
| 200 |
1 |
|
|a Инверторы на тиристорах
|f И. В. Нежданов
|
| 210 |
|
|
|a Москва
|a Ленинград
|c Энергия
|d 1965
|
| 215 |
|
|
|a 112 с.
|c ил.
|
| 225 |
1 |
|
|a Библиотека по автоматике
|v Вып. 152
|
| 320 |
|
|
|a Библиогр.: с. 111-112.
|
| 606 |
1 |
|
|a Инверторы транзисторные
|2 stltpush
|3 (RuTPU)RU\TPU\subj\12468
|9 39246
|
| 610 |
1 |
|
|a силовая часть
|
| 610 |
1 |
|
|a блоки управления
|
| 610 |
1 |
|
|a регулирование
|
| 610 |
1 |
|
|a защита
|
| 610 |
1 |
|
|a расчеты
|
| 675 |
|
|
|a 621.314.572
|v 3
|
| 700 |
|
1 |
|a Нежданов
|b И. В.
|g Игорь Васильевич
|
| 801 |
|
1 |
|a RU
|b 63413507
|c 20150904
|
| 801 |
|
2 |
|a RU
|b 63413507
|c 20151006
|g RCR
|
| 942 |
|
|
|c BK
|